Revista andina / (Record no. 21836)

000 -CABECERA
fixed length control field 02106nam a22003257a 4500
003 - IDENTIFICADOR DEL NÚMERO DE CONTROL
control field AR-CdUCM
008 - DATOS DE LONGITUD FIJA--INFORMACIÓN GENERAL
fixed length control field 190425b ||||| |||| 00| 0 spa d
040 ## - FUENTE DE LA CATALOGACIÓN
Agencia/entidad que catalogó originalmente la obra MUNICIPALIDAD PROVINCIAL DEL CUSCO
Entidad que transcribió la catalogación BIBLIOTECA MUNICIPAL DEL CUSCO
082 ## - NÚMERO DE LA CLASIFICACIÓN DECIMAL DEWEY
No. de Clasificación Rev.Andi/N°12/1988
110 ## - ENTRADA PRINCIPAL--NOMBRE DE ENTIDAD CORPORATIVA
Nombre de la institución, jurisdicción como entrada principal Centro Bartolomé de Las Casas
9 (RLIN) 3293
245 ## - MENCIÓN DE TÍTULO
Título Revista andina /
Mención de responsabilidad Centro de estudios rurales andinos Bartolomé de Las Casas Cusco
260 ## - PUBLICACIÓN, DISTRIBUCIÓN, ETC.
Lugar de publicación, distribución, etc. Cusco :
Nombre de la editorial, distribuidor, etc. Centro Bartolomé de Las Casas,
Fecha de publicación, distribución, etc. 1988.
300 ## - DESCRIPCIÓN FÍSICA
Nº de Páginas Extensión 351-630 páginas. :
Dimensiones 23 cm.
440 ## - MENCIÓN DE SERIE/PUNTO DE ACCESO ADICIONAL--TÍTULO
Título Publicación Semestral del Centro Bartolomé de Las Casas Cusco.
Número de la parte/sección de una obra Año 6, Número 12, N°2, Segundo semestre 1988.
9 (RLIN) 46335
505 ## - NOTA DE CONTENIDO CON FORMATO
Nota de contenido formateada Contenido: Estado moderno, iglesia y secularización en el Perú contemporáneo (1821-1919). Pilar García Jordán. -- Los liberales asediados la fracasada primera generación de librecambistas en el Perú, 1820-1850. Paul Gootenberg. -- La sociedad local al inicio de la República Cusco 1824-1850. María Isabel Remy. -- Las tierras de comunidad de Licto, Punín y Macaxí factores para su disminución e intentos de restauración. Christiana Borchart de Moreno. -- Una relación geográfica inédita de 1582 sobre Ecuador Oyumbicho y Amaguaña del valle de los Chillos. Chantal Caillavet. -- Rumi Maqui en la sierra central documentos inéditos de 1907. Carlos Contreras. -- Las oraciones en quechua de la relación de Joan de Santa Cruz Pachacuti Yamqui Salcamaygua. César Itier. -- Fuentes impresas regionales para la investigación histórica del extremo norte. Laura Hurtado Galván.
650 ## - PUNTO DE ACCESO ADICIONAL DE MATERIA--TÉRMINO DE MATERIA
Descriptor Sociedad republicana
9 (RLIN) 46336
650 ## - PUNTO DE ACCESO ADICIONAL DE MATERIA--TÉRMINO DE MATERIA
Descriptor Cronistas
9 (RLIN) 1200
650 ## - PUNTO DE ACCESO ADICIONAL DE MATERIA--TÉRMINO DE MATERIA
Descriptor Fuentes históricas
9 (RLIN) 5903
650 ## - PUNTO DE ACCESO ADICIONAL DE MATERIA--TÉRMINO DE MATERIA
Descriptor Tierras comunales
9 (RLIN) 46241
700 ## - PUNTO DE ACCESO ADICIONAL--NOMBRE DE PERSONA
Nombre Personal García Jordán, Pilar
9 (RLIN) 46337
700 ## - PUNTO DE ACCESO ADICIONAL--NOMBRE DE PERSONA
Nombre Personal Gootenberg, Paul
9 (RLIN) 10628
700 ## - PUNTO DE ACCESO ADICIONAL--NOMBRE DE PERSONA
Nombre Personal Remy, María Isabel
9 (RLIN) 4403
700 ## - PUNTO DE ACCESO ADICIONAL--NOMBRE DE PERSONA
Nombre Personal Borchart de Moreno, Christiana
9 (RLIN) 46338
700 ## - PUNTO DE ACCESO ADICIONAL--NOMBRE DE PERSONA
Nombre Personal Caillavet, Chantal
9 (RLIN) 46307
700 ## - PUNTO DE ACCESO ADICIONAL--NOMBRE DE PERSONA
Nombre Personal Contreras, Carlos
9 (RLIN) 41350
700 ## - PUNTO DE ACCESO ADICIONAL--NOMBRE DE PERSONA
Nombre Personal Itier, César
9 (RLIN) 46339
700 ## - PUNTO DE ACCESO ADICIONAL--NOMBRE DE PERSONA
Nombre Personal Hurtado Galván, Laura
9 (RLIN) 6062
942 ## - ELEMENTOS DE PUNTO DE ACCESO ADICIONAL (KOHA)
Fuente de clasificación
Tipo de item Revistas cusqueñas
945 ## - PROCESAMIENTO DE INFORMACIÓN LOCAL (OCLC)
Catalogador rac
Holdings
Estado de retiro (separado) Fuente de clasificación o esquema de estanterías Estado dañado Ubicación Sala donde se ubica Nombre de la colección Fecha de adquisición o compra Costo, precio normal en soles Signatura topográfica Código de Barras Última vez visto (Koha) Tipo de ítem (Koha)
No     Sala Hemeroteca Sala Hemeroteca Book Cart 2021-08-20 10.00 Rev.Andi/N°12/1988 REVC000309 2021-08-20 Revistas cusqueñas

Powered by Koha